[Event "11th WUCC Men"]
[Site "Zuerich SUI"]
[Date "2010.09.05"]
[Round "1"]
[White "Herath,H"]
[Black "Nadj Hedjesi,B"]
[Result "0-1"]
[WhiteElo "1884"]
[BlackElo "2407"]
[EventDate "2010.09.05"]

1. e4 c5 2. Nf3 d6 3. d4 cxd4 4. Nxd4 Nf6 5. Nc3 Bd7 6. f3 e5 7. Nb3 a5 8.
a4 Be7 9. Be3 O-O 10. g4 Be6 11. g5 Nh5 12. Rg1 Nc6 13. Nd5 Bxd5 14. exd5
Nb4 15. Qd2 Nf4 16. Bxf4 exf4 17. h4 Qb6 18. Rg2 Bd8 19. Bb5 Rc8 20. c3 Na6
21. Qxf4 Nc7 22. Qd4 Qxd4 23. Nxd4 Nxd5 24. Nf5 Rc5 25. Nxd6 Ne3 26. Re2
Re5 27. Ne4 Nf5 28. h5 Nh4 29. Kf2 Rf5 30. Kg3 Nxf3 31. Kg4 g6 32. hxg6
fxg6 33. Bc4+ Kg7 34. Be6 Nxg5 35. Bxf5 gxf5+ 36. Kh5 Nxe4 37. Rg2+ Kf6 38.
Kh6 Bb6 39. Rd1 Be3+ 40. Kh5 f4 41. Rf1 Ke5 42. Rf3 Nf6+ 43. Kh4 Ke4 0-1

[Event "11th WUCC Men"]
[Site "Zuerich SUI"]
[Date "2010.09.06"]
[Round "2"]
[White "Nikolov,Mo"]
[Black "Pacher,M"]
[Result "1-0"]
[WhiteElo "2549"]
[BlackElo "2449"]
[EventDate "2010.09.05"]

1. d4 d5 2. Nf3 Nf6 3. c4 c6 4. Nc3 e6 5. Bg5 h6 6. Bxf6 Qxf6 7. e3 Nd7 8.
Bd3 dxc4 9. Bxc4 g6 10. O-O Bg7 11. Rc1 O-O 12. e4 Qe7 13. Qe2 a5 14. e5
Nb6 15. Bd3 Nd5 16. g3 b6 17. Rfe1 Nb4 18. Bb1 Ba6 19. Qd2 c5 20. a3 Nc6
21. d5 exd5 22. Nxd5 Qd8 23. Rcd1 Nd4 24. Be4 Bb7 25. Nxd4 Bxd5 26. Nb5
Bxe4 27. Rxe4 Qxd2 28. Rxd2 Rad8 29. Rd6 Rfe8 30. f4 Rxd6 31. Nxd6 Re6 32.
a4 f6 33. Nc4 fxe5 34. fxe5 Kf7 35. Kf2 Ke7 36. Kf3 Kd7 37. Re3 Bf8 38. Ke4
Be7 39. Kd5 Bd8 40. Rf3 Ke7 41. Nd6 Kd7 42. Rf7+ 1-0

[Event "11th WUCC Men"]
[Site "Zuerich SUI"]
[Date "2010.09.06"]
[Round "2"]
[White "Megaranto,S"]
[Black "Darini,P"]
[Result "1-0"]
[WhiteElo "2516"]
[BlackElo "2430"]
[EventDate "2010.09.05"]

1. d4 d5 2. Nf3 Nf6 3. c4 c6 4. Qc2 e6 5. g3 Nbd7 6. Bg2 Bd6 7. Nbd2 O-O 8.
O-O Qe7 9. Re1 e5 10. cxd5 cxd5 11. dxe5 Nxe5 12. Nxe5 Qxe5 13. Nf3 Qh5 14.
Be3 Bd7 15. Qb3 b6 16. Bg5 Ne4 17. Qxd5 Rae8 18. Rad1 Bc5 19. Be3 Qxd5 20.
Rxd5 Be6 21. Bxc5 Nxc5 22. Rd2 Ne4 23. Rd4 Bxa2 24. Ra1 Bb3 25. Rxa7 Nc5
26. Bf1 h6 27. Rb4 Rb8 28. Nd4 Bd5 29. Bg2 Bxg2 30. Kxg2 Kh8 31. e3 Nd3 32.
Rb5 Ra8 33. Rb7 Ra2 34. R5xb6 Nc5 35. Rc7 Nd3 36. Rb3 1-0

[Event "11th WUCC Men"]
[Site "Zuerich SUI"]
[Date "2010.09.06"]
[Round "2"]
[White "Benidze,D"]
[Black "Panjwani,R"]
[Result "1-0"]
[WhiteElo "2504"]
[BlackElo "2429"]
[EventDate "2010.09.05"]

1. d4 d5 2. c4 c6 3. Nf3 Nf6 4. e3 e6 5. Nbd2 c5 6. cxd5 exd5 7. Bb5+ Bd7
8. Bxd7+ Nbxd7 9. dxc5 Nxc5 10. O-O Bd6 11. b4 Nd3 12. Ba3 O-O 13. Qb3 Ne5
14. Nxe5 Bxe5 15. Rac1 Qe7 16. Nf3 Bd6 17. Bb2 a5 18. Bxf6 Qxf6 19. bxa5
Rxa5 20. Qxb7 Qe6 21. Qb2 Rfa8 22. Rc2 h6 23. Rd1 Qe4 24. Rcd2 Rb8 25. Qd4
Rb1 26. h3 Rxd1+ 27. Rxd1 Qxd4 28. Nxd4 Rxa2 29. Nf5 Ra6 30. g3 g6 31.
Nxh6+ Kg7 32. Ng4 f5 33. Nh2 Ra5 34. Nf3 Be7 35. h4 Bf6 36. Ne1 Bc3 37. Nf3
Rb5 38. Ng5 Kf6 39. Rc1 Rb3 40. Kg2 Ke7 41. Rc2 Ra3 42. Nh3 d4 43. Nf4 Ra6
44. Nd5+ Kd6 45. Nxc3 dxc3 46. Rxc3 Ke6 47. Kf3 Kf6 48. e4 Re6 49. exf5
gxf5 50. Rc4 Ra6 51. Kf4 Rb6 52. f3 Ra6 53. h5 Rb6 54. h6 1-0

[Event "11th WUCC Men"]
[Site "Zuerich SUI"]
[Date "2010.09.06"]
[Round "2"]
[White "Nadj Hedjesi,B"]
[Black "Khmelniker,I"]
[Result "0-1"]
[WhiteElo "2407"]
[BlackElo "2483"]
[EventDate "2010.09.05"]

1. e4 e5 2. d4 exd4 3. Qxd4 Nc6 4. Qe3 Nf6 5. Nc3 Bb4 6. Bd2 O-O 7. O-O-O
Re8 8. Qg3 Nxe4 9. Nxe4 Rxe4 10. c3 Be7 11. f4 Bh4 12. Qf3 d5 13. Bd3 Qe7
14. g3 Bf6 15. g4 g6 16. h4 Bd7 17. h5 Re8 18. hxg6 fxg6 19. Qg2 d4 20. g5
Bg7 21. Bxe4 Qxe4 22. Qxe4 Rxe4 23. Nh3 Bf5 24. Rde1 dxc3 25. bxc3 Ra4 26.
Kb2 Rb4+ 27. Ka1 Nd4 28. a3 Rb6 29. Ka2 Nf3 0-1

[Event "11th WUCC Men"]
[Site "Zuerich SUI"]
[Date "2010.09.06"]
[Round "2"]
[White "Pruijssers,R"]
[Black "Purnama,T"]
[Result "1/2-1/2"]
[WhiteElo "2483"]
[BlackElo "2400"]
[EventDate "2010.09.05"]

1. e4 c5 2. Nf3 e6 3. d4 cxd4 4. Nxd4 a6 5. Bd3 Qc7 6. O-O Nf6 7. Qe2 d6 8.
c4 g6 9. Rd1 Bg7 10. Nf3 O-O 11. Nc3 Nbd7 12. Bc2 Ng4 13. Bb3 Nc5 14. Bf4
Ne5 15. Nxe5 Bxe5 16. Bxe5 dxe5 17. Bc2 a5 18. Nb5 Qe7 19. Qe3 Bd7 20. Nd6
b6 21. Qc3 Qg5 22. b3 Bc6 23. a3 Rfd8 24. Rab1 Rd7 25. b4 Rxd6 26. Rxd6
Nxe4 27. Qf3 Nxd6 28. Qxc6 Rd8 29. bxa5 bxa5 30. Qc7 Kf8 31. Rd1 Nb7 32.
Qxb7 Rxd1+ 33. Bxd1 Qd2 34. Qb8+ Ke7 35. Qb7+ Kf8 36. Qb8+ Ke7 37. Qb7+ Kf8
38. Qb8+ 1/2-1/2

[Event "11th WUCC Men"]
[Site "Zuerich SUI"]
[Date "2010.09.06"]
[Round "2"]
[White "Jurcik,Mari"]
[Black "Kuipers,S"]
[Result "1-0"]
[WhiteElo "2466"]
[BlackElo "2370"]
[EventDate "2010.09.05"]

1. e4 c5 2. Nf3 Nc6 3. Nc3 Nf6 4. Bb5 Qc7 5. O-O Nd4 6. Re1 a6 7. Bf1 d6 8.
Nxd4 cxd4 9. Nd5 Nxd5 10. exd5 g6 11. c4 Bg7 12. d3 O-O 13. Bg5 e5 14. dxe6
Bxe6 15. Rc1 Rfc8 16. Qd2 a5 17. Be2 Qd7 18. Bf3 Rc5 19. Bf4 Rac8 20. a3 a4
21. Qb4 g5 22. Bd2 R8c7 23. g3 Bf6 24. Qb6 Kg7 25. Bb4 R5c6 26. Qb5 Ra6 27.
Bxb7 Rxb7 28. Qxa6 Be5 29. Qa5 f6 30. c5 dxc5 31. Rxc5 Bg4 32. Rcxe5 fxe5
33. Rxe5 1-0

[Event "11th WUCC Men"]
[Site "Zuerich SUI"]
[Date "2010.09.06"]
[Round "2"]
[White "Viela,A"]
[Black "Lysyj,I"]
[Result "0-1"]
[WhiteElo "2224"]
[BlackElo "2638"]
[EventDate "2010.09.05"]

1. d4 e6 2. e4 d5 3. exd5 exd5 4. Bd3 c5 5. dxc5 Bxc5 6. Nf3 Nf6 7. O-O O-O
8. c3 Nc6 9. Bg5 h6 10. Bh4 g5 11. Bg3 Ne4 12. Ne5 Nxg3 13. Nxc6 bxc6 14.
hxg3 Qd6 15. Kh1 g4 16. Nd2 Bxf2 17. Rxf2 Qxg3 18. Bf5 Qh4+ 19. Kg1 g3 20.
Rf3 Qh2+ 21. Kf1 Re8 22. Ne4 Qh1+ 23. Ke2 Qxg2+ 24. Ke3 Bxf5 0-1

[Event "11th WUCC Men"]
[Site "Zuerich SUI"]
[Date "2010.09.06"]
[Round "2"]
[White "Ponkratov,P"]
[Black "Mohajerin Esfahani,Peyman"]
[Result "0-1"]
[WhiteElo "2592"]
[BlackElo "2366"]
[EventDate "2010.09.05"]

1. e4 c5 2. Nf3 d6 3. d4 cxd4 4. Nxd4 Nf6 5. Nc3 a6 6. h3 e6 7. g4 b5 8.
Bg2 Bb7 9. a3 Qc7 10. O-O Nc6 11. Nde2 Be7 12. Be3 Ne5 13. b3 h6 14. f4
Ned7 15. Qe1 Rc8 16. g5 hxg5 17. fxg5 Nh5 18. Rc1 Ne5 19. a4 b4 20. Nd1 a5
21. Qd2 Qb8 22. c4 Qa8 23. Nf2 O-O 24. Bd4 Ng6 25. Bf3 e5 26. Be3 Nhf4 27.
Nxf4 exf4 28. Bxf4 f5 29. Bh5 Nxf4 30. Qxf4 Rc5 31. Nd3 Qa7 32. Nxc5 Qxc5+
33. Kh2 Bxe4 34. Rce1 d5 35. Rxe4 dxe4 36. Kg2 Bd6 37. Qh4 Qe5 38. Rf2 Qh2+
39. Kf1 Qh1+ 40. Ke2 f4 41. g6 f3+ 42. Bxf3 exf3+ 43. Kd3 Qb1+ 0-1

[Event "11th WUCC Men"]
[Site "Zuerich SUI"]
[Date "2010.09.06"]
[Round "2"]
[White "Popovic,Du"]
[Black "Hoffmann,Pau"]
[Result "1-0"]
[WhiteElo "2565"]
[BlackElo "2372"]
[EventDate "2010.09.05"]

1. e4 e6 2. d4 d5 3. Nd2 Be7 4. Bd3 c5 5. dxc5 Nf6 6. Qe2 O-O 7. Ngf3 a5 8.
O-O Nc6 9. c3 Nd7 10. Re1 Nxc5 11. Bc2 a4 12. exd5 exd5 13. Nf1 Bf6 14. Be3
Re8 15. Qd1 b6 16. Bxc5 Rxe1 17. Nxe1 bxc5 18. Bxa4 Na5 19. Bb5 Be6 20. Rc1
Qb6 21. a4 Nc4 22. b3 Nd6 23. c4 Nxb5 24. axb5 Rd8 25. Qe2 Qa7 26. Ne3 Qa3
27. Rb1 dxc4 28. bxc4 Qc3 29. Nf3 h6 30. Nd5 Bxd5 31. cxd5 Rxd5 32. Qe8+
Kh7 33. Qe4+ 1-0

[Event "11th WUCC Men"]
[Site "Zuerich SUI"]
[Date "2010.09.06"]
[Round "2"]
[White "Carron,J"]
[Black "Mekhitarian,K"]
[Result "0-1"]
[WhiteElo "2394"]
[BlackElo "2550"]
[EventDate "2010.09.05"]

1. d4 Nf6 2. c4 e6 3. g3 c5 4. d5 exd5 5. cxd5 b5 6. e4 Nxe4 7. Qe2 Qe7 8.
Bg2 f5 9. d6 Qe6 10. Nc3 Bxd6 11. g4 g6 12. gxf5 gxf5 13. Nh3 Nc6 14. Nxe4
fxe4 15. Ng5 Nd4 16. Nxe6 Nxe2 17. Ng7+ Kf7 18. Nf5 Nxc1 19. Nxd6+ Ke6 20.
Nxe4 Nd3+ 21. Kd2 Nxb2 22. Nxc5+ Kd6 23. Bxa8 Kxc5 24. Kc2 Nc4 25. Rad1 Rf8
26. Rhf1 d6 27. Bg2 Be6 28. Kc1 Rf4 29. Rde1 Bf5 30. Rd1 a5 31. Rd5+ Kb4
32. Kd1 Be6 33. Rg5 Rd4+ 34. Kc1 Ne5 35. f4 Nd3+ 36. Kc2 Bc4 37. Rb1+ Ka4
38. Rg3 Nb4+ 39. Kc1 Nxa2+ 40. Kc2 Nb4+ 41. Kc3 Rxf4 42. Bf3 Na2+ 43. Kd2
Rd4+ 44. Ke1 Nc3 45. Rb2 b4 46. Rg5 d5 0-1

[Event "11th WUCC Men"]
[Site "Zuerich SUI"]
[Date "2010.09.06"]
[Round "2"]
[White "Jumabayev,R"]
[Black "Gaehler,M"]
[Result "1-0"]
[WhiteElo "2547"]
[BlackElo "2289"]
[EventDate "2010.09.05"]

1. Nf3 Nf6 2. d4 d6 3. c4 Bg4 4. e3 g6 5. Nc3 Bg7 6. Be2 O-O 7. O-O a5 8.
h3 Bxf3 9. Bxf3 Nc6 10. Rb1 Nd7 11. Qa4 Ra6 12. Rd1 Qc8 13. Nd5 Re8 14. Bd2
e6 15. Nc3 e5 16. dxe5 Nc5 17. Qa3 Nxe5 18. Be2 a4 19. Nb5 Re7 20. Bb4 b6
21. Nc3 Re8 22. Bxc5 bxc5 23. Nxa4 Qf5 24. b3 g5 25. Qc1 g4 26. hxg4 Nxg4
27. Bxg4 Qxg4 28. Rd5 Re6 29. Qd1 Qe4 30. Qd3 Qh4 31. g3 Qg4 32. Qf5 Qg6
33. Kg2 Ra8 34. Rh1 Rf6 35. Qd3 Qg4 36. e4 Re8 37. e5 dxe5 38. Rh4 Qg5 39.
Nxc5 Rg6 40. Rh1 f5 41. Rd7 e4 42. Qd5+ Kh8 43. Rf7 Rf6 44. Nxe4 1-0

[Event "11th WUCC Men"]
[Site "Zuerich SUI"]
[Date "2010.09.06"]
[Round "2"]
[White "Botvinnik,M ISR"]
[Black "Papin,V"]
[Result "0-1"]
[WhiteElo "2337"]
[BlackElo "2534"]
[EventDate "2010.09.05"]

1. Nf3 Nf6 2. c4 e6 3. g3 d5 4. Bg2 dxc4 5. Qa4+ Nbd7 6. O-O a6 7. Qxc4 b5
8. Qc2 Bb7 9. b3 c5 10. Bb2 Be7 11. d3 O-O 12. Nbd2 Qb8 13. Rac1 Rc8 14.
Qb1 Nd5 15. d4 N5f6 16. Rfd1 Qa7 17. e3 Bc6 18. dxc5 Bxc5 19. Qd3 h6 20. a3
Bd5 21. b4 Bb6 22. Ne5 Nxe5 23. Bxe5 Bxg2 24. Kxg2 Ng4 25. Bd4 Rxc1 26.
Rxc1 Rd8 27. Bxb6 Qxb6 28. Qc3 Qb7+ 29. Nf3 Qe4 30. h3 Nf6 31. Qe5 Qa8 32.
Rc7 Nd5 33. Rc5 Nb6 34. Qf4 Nc4 35. Rc7 f5 36. g4 g5 37. Qg3 Rf8 38. Kh2 f4
39. exf4 Rxf4 40. Ne1 Ne5 41. Qc3 Qe4 42. Rc8+ Kh7 43. Rc7+ Kg6 44. Nd3
Qxd3 45. Qxe5 Rxf2+ 46. Kg1 Qf1+ 0-1

[Event "11th WUCC Men"]
[Site "Zuerich SUI"]
[Date "2010.09.06"]
[Round "2"]
[White "Poobalasingam,P"]
[Black "Sulashvili,M"]
[Result "1-0"]
[WhiteElo "2330"]
[BlackElo "2500"]
[EventDate "2010.09.05"]

1. d4 d5 2. c4 e6 3. Nf3 c6 4. e3 Nf6 5. Nbd2 c5 6. cxd5 exd5 7. dxc5 Bxc5
8. a3 O-O 9. b4 Be7 10. Bb2 a5 11. b5 Nbd7 12. Be2 Nc5 13. O-O Bf5 14. Ne5
Rc8 15. Ndf3 Bd6 16. Nd3 Nce4 17. Rc1 Rxc1 18. Qxc1 Qe7 19. Qa1 Bg4 20. Re1
Rc8 21. Nf4 Re8 22. Nd3 Rc8 23. h3 Bd7 24. a4 Re8 25. Bd1 h6 26. Be5 Bf5
27. Bxd6 Nxd6 28. Nf4 Be4 29. Nd2 Nc4 30. Nxe4 dxe4 31. Bb3 Ne5 32. Qc3 b6
33. Rd1 Nfd7 34. Nd5 Qc5 35. Rd4 Nd3 36. Rc4 Qd6 37. Rc6 Qb8 38. Nc7 Rf8
39. Qd4 N7e5 40. Rc3 Rc8 41. Na6 Qb7 42. Bd5 Qd7 43. Bxf7+ Kxf7 44. Qxd7+
Nxd7 45. Rxc8 Nb2 46. Rc7 Ke6 47. Rc6+ Ke5 48. Nc7 Nxa4 49. Re6+ Kf5 50.
g4+ Kg5 51. Kg2 Ndc5 52. Rd6 Nb7 53. Rd7 g6 54. Ne8 Nac5 55. Kg3 1-0

[Event "11th WUCC Men"]
[Site "Zuerich SUI"]
[Date "2010.09.06"]
[Round "2"]
[White "Roganovic,Milo"]
[Black "Munkhgal,G"]
[Result "1-0"]
[WhiteElo "2497"]
[BlackElo "2288"]
[EventDate "2010.09.05"]

1. e4 e6 2. d4 d5 3. Nd2 a6 4. Ngf3 c5 5. exd5 exd5 6. Be2 c4 7. b3 b5 8.
c3 Bd6 9. O-O Ne7 10. a4 Bb7 11. Ba3 O-O 12. Re1 Nbc6 13. Bxd6 Qxd6 14. Bf1
Ng6 15. g3 b4 16. Qc2 Rac8 17. bxc4 dxc4 18. Bg2 a5 19. Nxc4 Qf6 20. Qb3
Nce7 21. cxb4 Bxf3 22. Bxf3 Rxc4 23. Qxc4 Qxf3 24. bxa5 Nf4 25. Qf1 Ne6 26.
Rad1 Nd5 27. Re5 Rd8 28. Qd3 Qg4 29. f3 Qh3 30. a6 f6 31. Rxd5 Rxd5 32. a7
Nc7 33. Qc4 Qe6 34. Kf2 Na8 35. Re1 Qd7 36. Re7 Qd8 37. Rb7 Qa5 38. Rb8+
Kf7 39. Rxa8 Qd2+ 40. Qe2 Qxd4+ 41. Kg2 Kg6 42. Re8 Qxa7 43. Qe4+ Kh6 44.
Qxd5 Qxa4 45. Qd2+ g5 46. Re6 Kg6 47. Qb2 1-0

[Event "11th WUCC Men"]
[Site "Zuerich SUI"]
[Date "2010.09.06"]
[Round "2"]
[White "Akkozov,B"]
[Black "Ismagambetov,An"]
[Result "0-1"]
[WhiteElo "2283"]
[BlackElo "2492"]
[EventDate "2010.09.05"]

1. d4 Nf6 2. Nf3 e6 3. c4 d5 4. Nc3 Bb4 5. Bg5 Nbd7 6. cxd5 exd5 7. e3 c5
8. Bd3 Qa5 9. O-O c4 10. Bf5 Bxc3 11. bxc3 O-O 12. Qc2 Re8 13. Nd2 g6 14.
Bxd7 Nxd7 15. Rae1 Nb6 16. f3 Na4 17. e4 Bd7 18. Re3 dxe4 19. f4 Nb6 20.
Rfe1 f5 21. Rh3 Rac8 22. Nf1 Nd5 23. Qf2 Be6 24. Ne3 Qc7 25. Nxd5 Bxd5 26.
Bf6 b5 27. Be5 Qb7 28. Ree3 Re7 29. Rh6 b4 30. Qh4 Rxe5 31. Rh3 Re7 32.
Rxg6+ Kf8 33. Rf6+ Ke8 34. Qh5+ Kd8 35. Qxf5 Kc7 36. Rxh7 Kb8 37. Rfh6 bxc3
38. h4 c2 0-1

[Event "11th WUCC Men"]
[Site "Zuerich SUI"]
[Date "2010.09.06"]
[Round "2"]
[White "Soozankar,Amohammad"]
[Black "Swinkels,R"]
[Result "0-1"]
[WhiteElo "2299"]
[BlackElo "2478"]
[EventDate "2010.09.05"]

1. d4 Nf6 2. Nc3 d5 3. Nf3 Bf5 4. Bf4 e6 5. e3 Be7 6. Ne5 a6 7. g4 Be4 8.
f3 Bg6 9. h4 h5 10. Nxg6 fxg6 11. g5 Nfd7 12. Qd3 Nf8 13. Bh3 Kf7 14. e4
Bd6 15. Bxd6 Qxd6 16. O-O-O Nc6 17. Qe3 Nd7 18. f4 Ne7 19. Rde1 Rhe8 20.
Qf3 dxe4 21. Nxe4 Qc6 22. Qb3 Nf5 23. Bxf5 gxf5 24. g6+ Kg8 25. Ng5 Nf8 26.
Rh2 Qd5 27. Qg3 Qxa2 28. c3 a5 29. Nf7 a4 30. Rc2 a3 31. bxa3 Qxa3+ 32. Kd2
Qe7 33. Rg1 c5 34. Qf3 Nxg6 35. Nh6+ Kh7 36. Nf7 Qxf7 37. Qxh5+ Kg8 38.
Rxg6 cxd4 39. cxd4 Qd7 40. Ke3 Red8 41. Rd2 Ra3+ 42. Kf2 Ra4 43. Re2 Qxd4+
44. Kg2 Qxf4 45. Rg3 Qxh4 46. Qg6 Qxg3+ 47. Kxg3 Rg4+ 48. Qxg4 fxg4 49.
Rxe6 Kf7 50. Rb6 Rd7 51. Kxg4 Ke7 52. Kf5 Kd8 53. Ke6 Kc7 54. Rb2 Rd6+ 55.
Ke5 Rc6 56. Kd4 g6 57. Ke5 b6 58. Kf4 Rc5 59. Rg2 g5+ 60. Ke4 Kc6 61. Rf2
Rc4+ 62. Kd3 Rf4 63. Rh2 Rf6 64. Ke4 g4 65. Rc2+ Kb5 66. Rb2+ Kc6 67. Rc2+
Kb7 68. Rh2 Rg6 0-1

[Event "11th WUCC Men"]
[Site "Zuerich SUI"]
[Date "2010.09.06"]
[Round "2"]
[White "Kumar,Ve"]
[Black "Gundavaa,B"]
[Result "0-1"]
[WhiteElo "1983"]
[BlackElo "2460"]
[EventDate "2010.09.05"]

1. e4 c5 2. Nc3 Nc6 3. f4 a6 4. Nge2 e6 5. g3 d5 6. d3 Nf6 7. Bg2 Be7 8.
O-O O-O 9. h3 b5 10. g4 b4 11. Na4 Qa5 12. b3 dxe4 13. g5 Nd7 14. Bxe4 Qc7
15. Bb2 Bb7 16. Qe1 Rfe8 17. Qh4 Nf8 18. f5 exf5 19. Rxf5 Nd4 20. Nxd4 Bxe4
21. dxe4 cxd4 22. Bxd4 Qxc2 23. Bxg7 Kxg7 24. Qh6+ Kg8 25. Raf1 Qxe4 26.
Rxf7 Qg6 27. Nb6 0-1

[Event "11th WUCC Men"]
[Site "Zuerich SUI"]
[Date "2010.09.06"]
[Round "2"]
[White "Otte,Mari"]
[Black "Ahmadinia,E"]
[Result "0-1"]
[WhiteElo "2264"]
[BlackElo "2436"]
[EventDate "2010.09.05"]

1. e4 g6 2. d4 Bg7 3. Be3 c5 4. Nf3 Qb6 5. Nc3 Nf6 6. Qd2 Nc6 7. d5 Nb8 8.
Na4 Qd8 9. e5 Ne4 10. Qd3 Qa5+ 11. Nc3 Nxc3 12. Bd2 O-O 13. Bxc3 Qb6 14. h4
d6 15. h5 dxe5 16. hxg6 fxg6 17. O-O-O Bf5 18. Qe3 Nd7 19. d6 exd6 20. Bc4+
d5 21. Bxd5+ Be6 22. Ba5 Qa6 23. Qd3 Bxd5 24. Qxd5+ Kh8 25. Rxh7+ Kxh7 26.
Ng5+ Kh6 27. Bd2 Nf6 28. Rh1+ Nh5 29. Ne6+ Kh7 30. g4 Rxf2 31. c4 Qc6 32.
gxh5 Qxd5 33. cxd5 Bf6 34. hxg6+ Kxg6 35. Bc3 b6 36. Rd1 Kf7 37. Nc7 Rd8
38. Rh1 e4 39. Bxf6 Kxf6 40. d6 Ke5 41. Nb5 a6 0-1

[Event "11th WUCC Men"]
[Site "Zuerich SUI"]
[Date "2010.09.06"]
[Round "2"]
[White "Wyss,J"]
[Black "Markos,J"]
[Result "1/2-1/2"]
[WhiteElo "2270"]
[BlackElo "2566"]
[EventDate "2010.09.05"]

1. e4 c6 2. d4 d5 3. Nc3 g6 4. h3 Bg7 5. Nf3 Nh6 6. Bd3 O-O 7. Qe2 Na6 8.
exd5 cxd5 9. Bg5 Be6 10. Qe3 Nf5 11. Bxf5 Bxf5 12. Bxe7 Nb4 13. Bxb4 Re8
14. Ne5 f6 15. f4 fxe5 16. fxe5 Bxe5 17. dxe5 d4 18. Qf4 a5 19. O-O-O axb4
20. Rxd4 Qc8 21. Rc4 bxc3 22. Rxc8 Rexc8 23. Kb1 cxb2 24. g4 Be6 25. Rh2
Rf8 26. Qd4 Rfd8 27. Qb6 Rd1+ 28. Kxb2 Rxa2+ 29. Kc3 Ra3+ 30. Kb2 Ra2+ 31.
Kc3 Ra3+ 1/2-1/2

[Event "11th WUCC Men"]
[Site "Zuerich SUI"]
[Date "2010.09.06"]
[Round "2"]
[White "Surya,W"]
[Black "Burg,T"]
[Result "0-1"]
[WhiteElo "2233"]
[BlackElo "2455"]
[EventDate "2010.09.05"]

1. d4 d5 2. Nf3 Nf6 3. c4 c6 4. Nc3 dxc4 5. a4 Bf5 6. e3 e6 7. Bxc4 Bb4 8.
O-O Nbd7 9. Qe2 Bg6 10. e4 O-O 11. Bd3 Bh5 12. e5 Nd5 13. Nxd5 cxd5 14. Qe3
Bg6 15. Bxg6 fxg6 16. Ng5 Re8 17. Bd2 Bxd2 18. Qxd2 h6 19. Nh3 Rf8 20. a5
Rc8 21. Qb4 g5 22. g3 Rc4 23. Qxb7 Rxd4 24. Rfe1 Rf7 25. Qc6 Nf8 26. Re2
Rc4 27. Qb5 Ng6 28. b3 Rc3 29. Ra4 Qc8 30. Rb4 Rc1+ 31. Kg2 Qc3 32. Re3 Qd2
33. Qe8+ Nf8 34. Rb8 Qd1 0-1

[Event "11th WUCC Men"]
[Site "Zuerich SUI"]
[Date "2010.09.06"]
[Round "2"]
[White "Costa,JoaoG"]
[Black "Kukov,V"]
[Result "1-0"]
[WhiteElo "2186"]
[BlackElo "2395"]
[EventDate "2010.09.05"]

1. f4 d5 2. g3 Nf6 3. Nf3 c6 4. Bg2 Bg4 5. O-O Nbd7 6. Ne5 Nxe5 7. fxe5 Nd7
8. d4 e6 9. Qe1 Be7 10. c3 O-O 11. e4 f6 12. exf6 Nxf6 13. Nd2 c5 14. h3
Bh5 15. Nb3 cxd4 16. Nxd4 e5 17. Nf5 Bc5+ 18. Kh2 dxe4 19. Bg5 Ng4+ 20.
hxg4 Qxg5 21. Qxe4 Bxg4 22. Qd5+ Kh8 23. Qxc5 Bxf5 24. Rf2 Rf6 25. Qxe5
Qh5+ 26. Kg1 Re8 27. Qd4 Rh6 28. Bxb7 Qh3 29. Qf4 Rf6 30. Rh2 Qg4 31. Qxg4
Bxg4 32. Rf1 Re3 33. Rxf6 gxf6 34. Rg2 Bh3 35. Rf2 Rxg3+ 36. Kh2 Rg7 37.
Bd5 Rg5 38. c4 Bf5 39. Re2 Bg6 40. Re7 Re5 41. Rxe5 fxe5 42. Bb7 Kg7 43. c5
Kf6 44. Kg3 Ke7 45. b4 Kd7 46. Kf3 Bc2 47. Bd5 Kc7 48. Be4 Bd1+ 49. Kg3 h6
50. Kf2 Bh5 51. Ke3 Bf7 52. a3 Be6 53. Bf3 Bf5 54. Be4 Bg4 55. Bc2 Kd7 56.
Ke4 Ke6 57. Bb3+ Kf6 58. Bd5 Bf5+ 59. Ke3 Bd7 60. Bb7 Bh3 61. b5 Ke7 62. a4
Kd7 63. b6 axb6 64. cxb6 h5 65. Bf3 Bg4 66. Bh1 Bd1 67. a5 Ba4 68. a6 Bc6
69. b7 Bxb7 70. Bxb7 Kc7 71. Ke4 h4 72. Kxe5 h3 73. Kf4 h2 74. Kg3 1-0

[Event "11th WUCC Men"]
[Site "Zuerich SUI"]
[Date "2010.09.06"]
[Round "2"]
[White "Kalugampitiya,R"]
[Black "Ma Yu"]
[Result "0-1"]
[WhiteElo "2095"]
[BlackElo "2332"]
[EventDate "2010.09.05"]

1. e4 c5 2. Nf3 d6 3. d4 cxd4 4. Nxd4 Nf6 5. Nc3 Nc6 6. Bg5 e6 7. f3 a6 8.
Qd2 Bd7 9. O-O-O b5 10. Bxb5 axb5 11. Ndxb5 Nb4 12. Nxd6+ Bxd6 13. Qxd6
Nxa2+ 14. Nxa2 Rxa2 15. Kb1 Qa8 16. b3 Ra6 17. Qd4 e5 18. Qxe5+ Re6 19. Qd4
Bc6 20. Bxf6 gxf6 21. g4 O-O 22. h4 Qa5 23. g5 f5 24. h5 fxe4 25. f4 Ra8
26. Qb2 e3 27. h6 Rg6 28. Rd6 Qa1+ 0-1

[Event "11th WUCC Men"]
[Site "Zuerich SUI"]
[Date "2010.09.06"]
[Round "2"]
[White "Meier,P SEY"]
[Black "Erdene,G"]
[Result "0-1"]
[WhiteElo "2047"]
[BlackElo "2323"]
[EventDate "2010.09.05"]

1. d4 Nf6 2. c4 g6 3. g3 Bg7 4. Bg2 O-O 5. Nc3 c6 6. Nf3 d5 7. O-O Ne4 8.
Qb3 Nxc3 9. bxc3 dxc4 10. Qxc4 Nd7 11. Ba3 Nb6 12. Qd3 Re8 13. Rac1 Bg4 14.
Nd2 e5 15. e3 Qd7 16. Nb3 Qe6 17. Nc5 Qc8 18. Rfe1 Nd7 19. Ne4 Bf5 20. c4
Nf6 21. Nxf6+ Bxf6 22. e4 Bd7 23. d5 c5 24. Bb2 b6 25. f4 Qc7 26. Rf1 Qd6
27. Qf3 Re7 28. Rc2 Rae8 29. f5 gxf5 30. Qh5 Bg7 31. exf5 f6 32. Be4 Kh8
33. Rc3 Rg8 34. Bc1 Bf8 35. Kh1 Be8 36. Qh4 a6 37. Be3 h5 38. Bf3 Rh7 39.
Rb1 Be7 40. Bd1 Bd7 41. Qe4 Bd8 42. Rb2 Qc7 43. Rg2 Be8 44. Kg1 Be7 45. h3
b5 46. Be2 b4 47. Rd3 Qd6 48. g4 a5 49. Bc1 a4 50. Rdg3 h4 51. Re3 Bd7 52.
a3 Bf8 53. g5 Rxg5 54. Rxg5 fxg5 55. Bd3 Qf6 56. Qg2 Bd6 57. Re4 Rg7 58.
Rg4 Be7 59. Qe4 bxa3 60. Bxa3 Rf7 61. Bb2 Bd6 62. Qe3 Bxf5 63. Rxg5 Bxd3
64. Rxe5 Qf1+ 65. Kh2 Rf2+ 0-1

[Event "11th WUCC Men"]
[Site "Zuerich SUI"]
[Date "2010.09.06"]
[Round "2"]
[White "Hindermann,F"]
[Black "Fernando,SK Akila"]
[Result "1-0"]
[WhiteElo "2303"]
[BlackElo "2053"]
[EventDate "2010.09.05"]

1. e4 c5 2. c3 d5 3. exd5 Qxd5 4. d4 Nf6 5. Nf3 Bg4 6. Be2 Nc6 7. Na3 e6 8.
Be3 cxd4 9. Nb5 O-O-O 10. Nbxd4 Bc5 11. Qa4 Ne5 12. O-O-O Nxf3 13. gxf3 Bh5
14. Rhg1 a6 15. Rg5 Qd6 16. Qc4 b6 17. Qxa6+ Kb8 18. Nb5 Bxe3+ 19. fxe3 Qc6
20. Qa7+ Kc8 21. Nd4 Rxd4 22. Rxd4 1-0

[Event "11th WUCC Men"]
[Site "Zuerich SUI"]
[Date "2010.09.06"]
[Round "2"]
[White "Pitra,Andika"]
[Black "Koggala,W"]
[Result "1-0"]
[WhiteElo "2283"]
[BlackElo "2026"]
[EventDate "2010.09.05"]

1. e4 e6 2. d3 d5 3. Nd2 b6 4. g3 Bb7 5. Bg2 Nd7 6. Ngf3 dxe4 7. dxe4 Ngf6
8. O-O Nxe4 9. Nxe4 Bxe4 10. Qe2 Bb7 11. Re1 Be7 12. Bf4 O-O 13. Rad1 Qc8
14. Nd4 Nc5 15. Nc6 Qe8 16. Qf3 a5 17. c3 Bd8 18. b4 axb4 19. cxb4 Na6 20.
a3 Kh8 21. Qc3 Bf6 22. Qc2 Qc8 23. Be5 Bxe5 24. Rxe5 Re8 25. Rh5 h6 26. Qc1
Kg8 27. Rd8 Rxd8 28. Ne7+ Kf8 29. Nxc8 Bxg2 30. Kxg2 Raxc8 31. Qc4 Nb8 32.
a4 Nd7 33. a5 Nf6 34. Re5 bxa5 35. bxa5 Kg8 36. Rc5 Nd5 37. a6 Ra8 38. Ra5
Ra7 39. h4 Rb8 40. Ra3 Rb6 41. Ra4 Rb2 42. Qc6 Rb6 43. Qe8+ Kh7 44. Qxf7
Nf6 45. Rf4 e5 46. Rf5 Rbxa6 47. Rxe5 c5 48. Qc4 Ra2 49. Rxc5 R7a4 50. Qd3+
Ne4 51. Re5 Rxf2+ 52. Kh3 Rd2 53. Qb1 Rdd4 54. Re8 Rab4 55. Qa2 Nf6 56.
Qc2+ Re4 57. Rc8 Rb7 58. Qc5 g6 59. Rf8 Nh5 1-0

[Event "11th WUCC Men"]
[Site "Zuerich SUI"]
[Date "2010.09.06"]
[Round "3"]
[White "Benidze,D"]
[Black "Wang Yue"]
[Result "0-1"]
[WhiteElo "2504"]
[BlackElo "2732"]
[EventDate "2010.09.05"]

1. d4 Nf6 2. Bg5 Ne4 3. Bf4 c5 4. f3 Qa5+ 5. c3 Nf6 6. Nd2 cxd4 7. Nb3 Qf5
8. Bxb8 Rxb8 9. Qxd4 b6 10. e4 Qf4 11. Nh3 Qc7 12. e5 Ng8 13. Ng5 f6 14.
exf6 gxf6 15. Ne4 Qe5 16. Qxe5 fxe5 17. O-O-O Bb7 18. Bb5 Bh6+ 19. Kb1
Bxe4+ 20. fxe4 Nf6 21. Nd2 Bxd2 22. Rxd2 Rd8 23. Rf1 O-O 24. Rf5 d6 25.
Bc4+ Kg7 26. Rdf2 Nxe4 27. Rf7+ Rxf7 28. Rxf7+ Kg6 0-1

[Event "11th WUCC Men"]
[Site "Zuerich SUI"]
[Date "2010.09.06"]
[Round "3"]
[White "Khmelniker,I"]
[Black "Nikolov,Mo"]
[Result "1-0"]
[WhiteElo "2483"]
[BlackElo "2549"]
[EventDate "2010.09.05"]

1. d4 Nf6 2. c4 e6 3. Nf3 c5 4. d5 d6 5. Nc3 exd5 6. cxd5 g6 7. e4 a6 8. a4
Bg4 9. Qb3 Bxf3 10. Qxb7 Nbd7 11. gxf3 Bg7 12. f4 O-O 13. Bh3 Re8 14. O-O
Re7 15. Qc6 Nf8 16. e5 dxe5 17. d6 Re8 18. fxe5 Rxe5 19. Bf4 Rh5 20. Bg2
Ra7 21. a5 N6d7 22. Nd5 Ne5 23. Qc7 Qd7 24. Qb8 Qg4 25. Bg3 Nc6 26. Ne7+
Nxe7 27. Qxa7 Nf5 28. d7 Nxg3 29. hxg3 Nxd7 30. Qa8+ Nf8 31. Bf3 Qg5 32.
Bxh5 gxh5 33. Qxa6 Bd4 34. Qd3 h4 35. Ra3 Ne6 36. a6 c4 37. Qf3 1-0